| 000 | 00900nam a22003014i 4500 | ||
|---|---|---|---|
| 999 |
_c8043 _d8043 |
||
| 001 | 991061499032906706 | ||
| 003 | OSt | ||
| 005 | 20251125135335.0 | ||
| 008 | 251123e2025 spca||||-|||| 0|| | spa|c | ||
| 020 | _a9791399087307 | ||
| 040 |
_cCDMR _bcat |
||
| 100 | 1 |
_aAnderson, Jon Lee, _eautor |
|
| 245 | 1 | 0 |
_aGuerra, paz y periodismo / _cconversación entre Jon Lee Anderson y Patricia Simón ; ilustraciones de Cinta Fosch |
| 264 | 1 |
_a[Barcelona] : _b5W , _c2025 |
|
| 300 |
_a141 : _bil·lustracions ; _c16 cm |
||
| 490 | 1 |
_aVoces 5W ; _vnº10 |
|
| 650 | 7 | _aPau | |
| 650 | 0 |
_aDrets humans _93195 |
|
| 650 | 7 | _aGuerra | |
| 650 | 7 | _aPeriodisme | |
| 650 | 7 | _aPeriodisme d'investigació | |
| 650 | 7 | _aDemocràcia | |
| 700 | 1 |
_aSimón, Patricia, _eautor |
|
| 700 | 1 |
_aFosch, Cinta, _eil·lustradora |
|
| 710 | 2 |
_aColectivo 5W, _eentidad editora |
|
| 830 | 0 |
_aVoces 5W ; _v10 |
|
| 942 |
_cMON _2udc |
||